Bad August /

Bibliographic Details
Main Author: Hearn, Daniel
Format: Book
Language:English
Published: New York : St. Martin's Press, [1987]
Edition:1st ed.

MARC

Tag First Indicator Second Indicator Subfields
LEADER 00000cam a2200000 a 4500
001 in00000007714
005 20151002060022.0
008 870609s1987 nyu 00011 eng
010 |a  87016384  
020 |a 0312005644 :  |c $16.95 
035 |a (OCoLC)16080592 
035 |9 AAA0041AM 
040 |a DLC  |c DLC  |d TXA  |d UtOrBLW 
050 0 0 |a PS3558.E2545  |b B33 1987 
100 1 |a Hearn, Daniel. 
245 1 0 |a Bad August /  |c Daniel Hearn. 
250 |a 1st ed. 
264 1 |a New York :  |b St. Martin's Press,  |c [1987] 
264 4 |c ©1987 
300 |a 243 pages ;  |c 22 cm. 
336 |a text  |b txt  |2 rdacontent 
337 |a unmediated  |b n  |2 rdamedia 
338 |a volume  |b nc  |2 rdacarrier 
999 |a MARS 
999 f f |s 8f9b153b-b03a-3121-b88d-b3cc3d8de466  |i 91884c5d-0af3-303e-94f6-90c0766b32a7  |t 0 
952 f f |p ric  |a Texas A&M University  |b Rellis Campus  |c Joint Library Facility  |d Remote Storage  |t 0  |e PS3558.E2545 B33 1987  |h Library of Congress classification  |i unmediated -- volume  |m A14812627899 
998 f f |a PS3558.E2545 B33 1987  |t 0  |l Remote Storage